| 000 | 00468 a2200169 4500 | ||
|---|---|---|---|
| 020 | _a 8172242700 | ||
| 040 |
_aDLC _bDLC |
||
| 082 | _a658.4 | ||
| 100 | _aBlake, Robert R. | ||
| 245 |
_aThe new managerial grid _cRobert R Blake |
||
| 260 |
_aNew Delhi: _bJaico Publishing House, _c1997. |
||
| 300 |
_aix, 329 p. ; _c24 cm. |
||
| 500 | _a Includes Index | ||
| 650 | _a 1.Management.2.Industrial management. | ||
| 700 | _a Mouton, Jane S. | ||
| 942 |
_cBK _k658.4 BLA _2ddc |
||
| 999 |
_c8562 _d8562 |
||